The Town and Country Planning (Local Development) (England) (Amendment) Regulations 2008 (Record no. 80293)
[ view plain ]
| 000 -LEADER | |
|---|---|
| fixed length control field | 01220cab a22002055a 4500 |
| 001 - CONTROL NUMBER | |
| control field | L143871 |
| 008 - FIXED-LENGTH DATA ELEMENTS--GENERAL INFORMATION | |
| fixed length control field | 080604e20080519xxk f f000 0 eng d |
| 035 ## - SYSTEM CONTROL NUMBER | |
| System control number | (Sirsi) u143871 |
| 041 0# - LANGUAGE CODE | |
| Language code of text/sound track or separate title | eng |
| 110 1# - MAIN ENTRY--CORPORATE NAME | |
| Corporate name or jurisdiction name as entry element | United Kingdom |
| Form subheading | Laws, etc |
| 9 (RLIN) | 5044 |
| 245 04 - TITLE STATEMENT | |
| Title | The Town and Country Planning (Local Development) (England) (Amendment) Regulations 2008 |
| Medium | [electronic resource] |
| 260 ## - PUBLICATION, DISTRIBUTION, ETC. | |
| Place of publication, distribution, etc. | London |
| Name of publisher, distributor, etc. | HMSO |
| Date of publication, distribution, etc. | 2008 |
| 490 ## - SERIES STATEMENT | |
| Series statement | Statutory Instrument |
| Volume/sequential designation | 2008: 1371 |
| 520 ## - SUMMARY, ETC. | |
| Summary, etc. | Comes into force 27 June 2008. Makes amendments to the Town and Country Planning (Local Development) (England) Regulations 2004. Increases the duties of submissions to include community consultation and public participation. Alters the rules concerning the timing and submission of local development schemes. Adds police authorities to the list of relevant concerned authorities. Instates the Secretary of State for Transport, and Primary Care Trusts, the Coal Authority, and Natural England as specific consultation bodies. |
| 590 ## - LOCAL NOTE (RLIN) | |
| Local note | KA |
| 651 #4 - SUBJECT ADDED ENTRY--GEOGRAPHIC NAME | |
| Geographic name | England |
| Chronological subdivision | 886- |
| 690 ## - LOCAL SUBJECT ADDED ENTRY--TOPICAL TERM (OCLC, RLIN) | |
| Topical term or geographic name as entry element | Planning and development |
| 9 (RLIN) | 6259 |
| 856 40 - ELECTRONIC LOCATION AND ACCESS | |
| Uniform Resource Identifier | <a href="https://www.opsi.gov.uk/si/si2008/uksi_20081371_en_1">https://www.opsi.gov.uk/si/si2008/uksi_20081371_en_1</a> |
| Public note | View the judgment free of charge at www.opsi.gov.uk... |
| 942 ## - ADDED ENTRY ELEMENTS (KOHA) | |
| Suppress in OPAC | 0 |
| Withdrawn status | Lost status | Source of classification or shelving scheme | Damaged status | Not for loan | Home library | Current library | Shelving location | Date acquired | Total Checkouts | Full call number | Barcode | Date last seen | Copy number | Price effective from | Koha item type |
|---|---|---|---|---|---|---|---|---|---|---|---|---|---|---|---|
| Dewey Decimal Classification | Virtual | Virtual | Online | 04/06/2008 | ONLINE PUBLICATION | 143871-1001 | 06/08/2019 | 1 | 06/08/2019 | Journal article |